[Event "Gorodovikovsk Bashanta Spring"]
[Site "Gorodovikovsk"]
[Date "2009.04.20"]
[Round "6"]
[White "Kuznetsov, Alexander"]
[Black "Soshnikov, Mikhail"]
[Result "0-1"]
[WhiteElo "2142"]
[BlackElo "2338"]
[PlyCount "64"]
[EventDate "2009.04.20"]
[EventType "tourn"]
[EventRounds "11"]
[EventCountry "RUS"]
[SourceTitle "EXT 2022"]
[Source "ChessBase"]
[SourceDate "2021.10.06"]
[SourceVersion "1"]
[SourceVersionDate "2021.10.06"]
[SourceQuality "1"]

1. e4 e6 2. d4 d5 3. Nd2 Nf6 4. e5 Nfd7 5. Bd3 c5 6. c3 Nc6 7. Ne2 Nb6 8. 0-0 Bd7 9. Nf3 Rc8 10. Be3 cxd4 11. Nexd4 Nxd4 12. Nxd4 Nc4 13. Bxc4 Rxc4 14. Qg4 f5 15. Qg3 Qe7 16. f4 Qf7 17. Rac1 b5 18. a3 Be7 19. Nb3 0-0 20. Bxa7 Kh8 21. Be3 g5 22. Rcd1 gxf4 23. Rxf4 Rg8 24. Qf2 Qg7 25. g3 Bg5 26. Rxc4 bxc4 27. Nd2 f4 28. Bxf4 Rf8 29. Kh1 Bxf4 30. gxf4 d4 31. h4 Qg4 32. Qf3 Bc6 0-1

[Event "Gorodovikovsk Bashanta Spring"]
[Site "Gorodovikovsk"]
[Date "2009.04.20"]
[Round "2"]
[White "Lukyanchenko, Anatoly"]
[Black "Kuznetsov, Alexander"]
[Result "0-1"]
[WhiteElo "1740"]
[BlackElo "2142"]
[PlyCount "84"]
[EventDate "2009.04.20"]
[EventType "tourn"]
[EventRounds "11"]
[EventCountry "RUS"]
[SourceTitle "EXT 2022"]
[Source "ChessBase"]
[SourceDate "2021.10.06"]
[SourceVersion "1"]
[SourceVersionDate "2021.10.06"]
[SourceQuality "1"]

1. c4 Nf6 2. g3 e6 3. Nf3 d5 4. cxd5 exd5 5. Bg2 c6 6. 0-0 Bd6 7. b3 0-0 8. Bb2 Qe7 9. d3 Re8 10. e3 Nbd7 11. Nbd2 h6 12. Re1 Ne5 13. Nxe5 Bxe5 14. Bxe5 Qxe5 15. Nf3 Qh5 16. Nh4 Bg4 17. Bf3 g5 18. h3 Bxf3 19. Qxf3 gxh4 20. Qxf6 hxg3 21. fxg3 Qxh3 22. Kf2 Qh2+ 23. Kf3 Qh5+ 24. Kf2 Qg6 25. Qd4 Re6 26. e4 dxe4 27. dxe4 Rae8 28. Kf3 h5 29. Rad1 Qg4+ 30. Kf2 Rxe4 31. Rxe4 Qxe4 32. Qxe4 Rxe4 33. Kf3 Re5 34. Kf4 Rd5 35. Rxd5 cxd5 36. Ke5 Kg7 37. Kxd5 Kg6 38. b4 Kg5 39. Kd6 Kg4 40. Kc7 Kxg3 41. Kxb7 h4 42. Kxa7 h3 0-1

[Event "Gorodovikovsk Bashanta Spring"]
[Site "Gorodovikovsk"]
[Date "2009.04.20"]
[Round "9"]
[White "Pisanovsky, Maxim"]
[Black "Kuznetsov, Alexander"]
[Result "0-1"]
[WhiteElo "2178"]
[BlackElo "2142"]
[PlyCount "42"]
[EventDate "2009.04.20"]
[EventType "tourn"]
[EventRounds "11"]
[EventCountry "RUS"]
[SourceTitle "EXT 2022"]
[Source "ChessBase"]
[SourceDate "2021.10.06"]
[SourceVersion "1"]
[SourceVersionDate "2021.10.06"]
[SourceQuality "1"]

1. d4 Nf6 2. c4 c5 3. Nf3 cxd4 4. Nxd4 Nc6 5. Nc3 g6 6. e4 d6 7. f3 Bg7 8. Be3 a6 9. Be2 Bd7 10. 0-0 0-0 11. Qe1 Rc8 12. Qf2 Ne5 13. b3 b5 14. Ncxb5 axb5 15. cxb5 Qa5 16. a4 Rb8 17. Rfb1 Rfc8 18. b4 Qa8 19. Nb3 Nc4 20. Bxc4 Rxc4 21. Na5 Rcc8 0-1

[Event "Pavlodar op"]
[Site "Pavlodar"]
[Date "2008.12.??"]
[Round "7"]
[White "Kuznetsov, Alexander"]
[Black "Gurkin, Anton"]
[Result "0-1"]
[WhiteElo "2142"]
[BlackElo "2176"]
[PlyCount "40"]
[EventDate "2008.12.??"]
[EventType "swiss"]
[EventRounds "11"]
[EventCountry "KAZ"]
[SourceTitle "EXT 2010"]
[Source "ChessBase"]
[SourceDate "2010.11.25"]
[SourceVersion "1"]
[SourceVersionDate "2010.11.25"]
[SourceQuality "1"]

1. e4 c5 2. Nf3 Nc6 3. d4 cxd4 4. Nxd4 e5 5. Nb3 Nf6 6. Bg5 Be7 7. N1d2 d5 8. Be2 Nxe4 9. Bxe7 Qxe7 10. Nxe4 dxe4 11. Qd5 Bf5 12. 0-0 0-0 13. Qd2 Rad8 14. Qc1 Nd4 15. Bd1 Rd6 16. c3 Ne6 17. Bc2 Nf4 18. Qe3 Qh4 19. Kh1 Rg6 20. Rg1 Nd5 0-1